000 01456nam a22003494a 4500
001 ebr10047023
003 CaPaEBR
006 m u
007 cr cn|||||||||
008 991019s2001 nyua sb 001 0 eng
010 _z 99054946
020 _z0306462508
040 _aCaPaEBR
_cCaPaEBR
035 _a(OCoLC)228048792
050 1 4 _aHD2769.2.P7
_bS65 2001eb
082 0 4 _a302.3/5/09438
_221
100 1 _aSokolowski, S. Wojciech.
245 1 0 _aCivil society and the professions in Eastern Europe
_h[electronic resource] :
_bsocial change and organizational innovation in Poland /
_cS. Wojciech Sokolowski.
260 _aNew York :
_bKluwer Academic/Plenum Publishers,
_cc2001.
300 _axiv, 259 p. :
_bill.
490 1 _aNonprofit and civil society studies
504 _aIncludes bibliographical references (p. 241-246) and index.
533 _aElectronic reproduction.
_bPalo Alto, Calif. :
_cebrary,
_d2013.
_nAvailable via World Wide Web.
_nAccess may be limited to ebrary affiliated libraries.
650 0 _aNonprofit organizations
_zPoland.
650 0 _aOrganizational change
_zPoland.
650 0 _aSocial change
_zPoland.
650 0 _aCivil society
_zPoland.
655 7 _aElectronic books.
_2local
710 2 _aebrary, Inc.
830 0 _aNonprofit and civil society studies.
856 4 0 _uhttp://site.ebrary.com/lib/rucke/Doc?id=10047023
_zAn electronic book accessible through the World Wide Web; click to view
999 _c73443
_d73443